000 00710nam a2200217Ii 4500
003 JO-AjNU
008 230605s9999||||xx |||||||||||||| ||und||
017 _a`2009/2/601
040 _aJO-AjNU
_bara
_erda
_cJO-AjNU
041 _aara
050 1 4 _aHD58.7.K4264.2009
100 3 _aالخفاجي،نعمة عباس,
_eauthor
_931004
245 0 0 _aثقافة المنظمة=Organization Culture
250 _aط العربية
264 3 1 _aعمان:دار اليازوري العلمية للنشر والتوزيع،2009
300 _a148ص
336 _atext
_btxt
_2rdacontent
337 _aunmediated
_bn
_2rdamedia
338 _avolume
_bnc
_2rdacarrier
650 4 _aتنمية المنظمة
_931005
999 _aA12354
_c15922
_d15922